[Event "SVK-chT2D 1920"]
[Site "Slovakia"]
[Date "2020.03.08"]
[Round "11.4"]
[White "Lapka, Peter"]
[Black "Korytko, Peter"]
[Result "1-0"]
[WhiteElo "1934"]
[BlackElo "2073"]
[PlyCount "81"]
[EventDate "2019.10.26"]
[EventType "team-tourn"]
[EventRounds "11"]
[EventCountry "SVK"]
[SourceTitle "EXT 2022"]
[Source "ChessBase"]
[SourceDate "2021.10.06"]
[SourceVersion "1"]
[SourceVersionDate "2021.10.06"]
[SourceQuality "1"]
[WhiteTeam "Presov Slavia PU"]
[BlackTeam "Margecany"]
[WhiteTeamCountry "SVK"]
[BlackTeamCountry "SVK"]

1. e4 e5 2. Nf3 Nc6 3. Nc3 d6 4. d4 Bg4 5. Bb5 exd4 6. Qxd4 Nge7 7. Qe3 a6 8. Ba4 Qd7 9. h3 Bxf3 10. Qxf3 Ng6 11. 0-0 Be7 12. Nd5 Bd8 13. c3 0-0 14. Bc2 Nce5 15. Qe3 c6 16. Nb6 Bxb6 17. Qxb6 c5 18. f4 Nc4 19. Qb3 b5 20. a4 Nb6 21. Qa2 c4 22. a5 Nc8 23. b3 d5 24. exd5 Qxd5 25. bxc4 bxc4 26. Rd1 Qc5+ 27. Rd4 Nce7 28. Qxc4 Qa7 29. Kh1 Rac8 30. Qd3 Nc6 31. Rd7 Qf2 32. Be3 Qg3 33. Bd2 Qh4 34. Qf3 Nce5 35. fxe5 Nxe5 36. Qf5 Nxd7 37. Ra4 g6 38. Qxd7 Rfd8 39. Qxc8 Qf6 40. Rf4 Qd6 41. Qc4 1-0

[Event "SVK-chT2D 1920"]
[Site "Slovakia"]
[Date "2020.02.16"]
[Round "9.6"]
[White "Belus, Benjamin"]
[Black "Lapka, Peter"]
[Result "0-1"]
[WhiteElo "1931"]
[BlackElo "1934"]
[PlyCount "180"]
[EventDate "2019.10.26"]
[EventType "team-tourn"]
[EventRounds "11"]
[EventCountry "SVK"]
[SourceTitle "CBM 195 Extra"]
[Source "ChessBase"]
[SourceDate "2020.05.31"]
[SourceVersion "1"]
[SourceVersionDate "2020.05.31"]
[SourceQuality "1"]
[WhiteTeam "Kezmarok"]
[BlackTeam "Presov Slavia PU"]
[WhiteTeamCountry "SVK"]
[BlackTeamCountry "SVK"]

1. c4 e5 2. g3 Nc6 3. Bg2 g6 4. Nc3 Bg7 5. e3 Nge7 6. Nge2 0-0 7. d4 exd4 8. exd4 d6 9. 0-0 Bf5 10. a3 Qd7 11. b4 Bh3 12. b5 Na5 13. Qa4 Bxg2 14. Kxg2 b6 15. c5 Qe6 16. cxd6 cxd6 17. Rd1 d5 18. Bf4 Rac8 19. Rd3 Nf5 20. Qd1 Nc4 21. Ra2 h6 22. a4 g5 23. Bc1 Rfe8 24. Ba3 Bh8 25. Bb4 Nfd6 26. Bxd6 Qxd6 27. Ng1 Bg7 28. Qf3 Rcd8 29. Nge2 Rf8 30. g4 Qd7 31. Ng3 Rfe8 32. Nf5 Re6 33. Rd1 Kh7 34. Rc2 Na5 35. Na2 Re4 36. Qh3 Rc8 37. Rdc1 Rxc2 38. Rxc2 Nc4 39. Nc3 Rf4 40. Ne2 Re4 41. Neg3 Qe6 42. Nh5 Bxd4 43. Qf3 Ne5 44. Nxd4 Rxg4+ 45. Kf1 Rxd4 46. Qg3 Nc4 47. Kg2 Kg6 48. Qf3 Qe4 49. Qxe4+ Rxe4 50. Ng3 Re1 51. Ne2 Ra1 52. Nc3 d4 53. Na2 d3 54. Rxc4 Rxa2 55. Kf3 d2 56. Ke2 d1Q+ 57. Kxd1 h5 58. Ke1 g4 59. Kf1 Kg5 60. Kg2 Kh4 61. h3 f5 62. hxg4 hxg4 63. Rd4 Kg5 64. Kg3 Ra3+ 65. Kg2 Kf6 66. Rc4 Ke5 67. Kf1 Kd5 68. Rf4 Rf3 69. Rb4 Kc5 70. Rb1 Ra3 71. Re1 Kd5 72. Rd1+ Ke4 73. Re1+ Kf3 74. Kg1 Rxa4 75. Re3+ Kf4 76. Rb3 Rc4 77. Ra3 Rb4 78. Rxa7 Rxb5 79. Kg2 Rb4 80. Rb7 b5 81. Rb6 Rb2 82. Kg1 Kf3 83. Rf6 f4 84. Rf5 b4 85. Rb5 Rb1+ 86. Kh2 Kxf2 87. Rg5 g3+ 88. Kh3 Kf3 89. Rxg3+ fxg3 90. Kh4 g2 0-1

[Event "SVK-chT2D 1920"]
[Site "Slovakia"]
[Date "2019.12.15"]
[Round "6.4"]
[White "Lapka, Peter"]
[Black "Ihnat, Marek1111"]
[Result "1/2-1/2"]
[WhiteElo "1934"]
[BlackElo "2042"]
[PlyCount "72"]
[EventDate "2019.10.26"]
[EventType "team-tourn"]
[EventRounds "11"]
[EventCountry "SVK"]
[SourceTitle "CBM 194 Extra"]
[Source "ChessBase"]
[SourceDate "2020.03.31"]
[SourceVersion "1"]
[SourceVersionDate "2020.03.31"]
[SourceQuality "1"]
[WhiteTeam "Presov Slavia PU"]
[BlackTeam "Stropkov/Svidnik"]
[WhiteTeamCountry "SVK"]
[BlackTeamCountry "SVK"]

1. e4 c5 2. Nf3 d6 3. c3 Nf6 4. Bb5+ Bd7 5. Qe2 Bxb5 6. Qxb5+ Qd7 7. Qe2 Nc6 8. d4 cxd4 9. cxd4 d5 10. e5 Ne4 11. Nbd2 Nxd2 12. Bxd2 e6 13. 0-0 Be7 14. Rfd1 0-0 15. Bg5 Bxg5 16. Nxg5 h6 17. Nf3 Qc7 18. Rac1 Qb6 19. Rc3 Rac8 20. Rb3 Qc7 21. Qb5 b6 22. h3 Na5 23. Rc3 Qb7 24. Rdc1 Rxc3 25. Rxc3 Rc8 26. Qb4 Rxc3 27. Qxc3 Qc6 28. Qxc6 Nxc6 29. Kf1 Nb4 30. a3 Nd3 31. b4 Nb2 32. Nd2 a6 33. Ke2 Nc4 34. a4 Nb2 35. a5 bxa5 36. bxa5 Kf8 1/2-1/2

[Event "SVK-chT2D 1617"]
[Site "Slovakia"]
[Date "2017.03.12"]
[Round "11.4"]
[White "Lapka, Peter"]
[Black "Sabol, Peter"]
[Result "1/2-1/2"]
[WhiteElo "1965"]
[BlackElo "1806"]
[PlyCount "76"]
[EventDate "2016.10.08"]
[EventType "team-tourn"]
[EventRounds "11"]
[EventCountry "SVK"]
[SourceTitle "EXT 2019"]
[Source "ChessBase"]
[SourceDate "2018.10.10"]
[SourceVersion "1"]
[SourceVersionDate "2018.10.10"]
[SourceQuality "1"]
[WhiteTeam "Kosice Dynamo"]
[BlackTeam "Margecany II"]
[WhiteTeamCountry "SVK"]
[BlackTeamCountry "SVK"]

1. c4 e5 2. Nc3 Nc6 3. g3 Nge7 4. Bg2 g6 5. e3 Bg7 6. Nge2 0-0 7. 0-0 d6 8. Nd5 Nxd5 9. cxd5 Ne7 10. Nc3 c6 11. d3 cxd5 12. Nxd5 Be6 13. Qb3 Nxd5 14. Bxd5 Bxd5 15. Qxd5 Qd7 16. e4 Rac8 17. Be3 a6 18. Rac1 Rc6 19. Rc4 Rfc8 20. Rfc1 Kf8 21. b3 Ke7 22. Kg2 Kf8 23. Bc5 Ke7 24. Be3 Kf8 25. R1c2 Ke7 26. Bg5+ Kf8 27. Be3 Ke7 28. d4 exd4 29. Bxd4 Bxd4 30. Qxd4 Rxc4 31. Rxc4 Rxc4 32. Qxc4 Qc6 33. Qd3 Ke6 34. f3 d5 35. exd5+ Qxd5 36. Qe3+ Kf6 37. Qf4+ Ke6 38. Qe3+ Kf6 1/2-1/2

[Event "SVK-chT2D 1617"]
[Site "Slovakia"]
[Date "2017.03.11"]
[Round "10.3"]
[White "Lapka, Peter"]
[Black "Panko, Eduard"]
[Result "0-1"]
[WhiteElo "1965"]
[BlackElo "1939"]
[PlyCount "70"]
[EventDate "2016.10.08"]
[EventType "team-tourn"]
[EventRounds "11"]
[EventCountry "SVK"]
[SourceTitle "EXT 2019"]
[Source "ChessBase"]
[SourceDate "2018.10.10"]
[SourceVersion "1"]
[SourceVersionDate "2018.10.10"]
[SourceQuality "1"]
[WhiteTeam "Kosice Dynamo"]
[BlackTeam "Bardejov II"]
[WhiteTeamCountry "SVK"]
[BlackTeamCountry "SVK"]

1. e4 d6 2. d4 Nf6 3. Nc3 c6 4. a4 Qa5 5. Bd2 e5 6. Nf3 Qc7 7. Bc4 Bg4 8. dxe5 dxe5 9. 0-0 Bc5 10. Qe2 0-0 11. Be3 Nbd7 12. h3 Bh5 13. Bxc5 Nxc5 14. b4 Ncd7 15. Bb3 Qb6 16. Rab1 Kh8 17. Bc4 a5 18. b5 Qc5 19. Rb3 Bxf3 20. gxf3 Nh5 21. Rd1 Nf4 22. Qf1 Nf6 23. Bd3 Rad8 24. bxc6 bxc6 25. Ne2 N6h5 26. Kh2 Nxe2 27. Qxe2 Nf4 28. Qe3 Qd6 29. Rdb1 g6 30. Rc3 Qe6 31. Bf1 Rd4 32. Rb6 Rc8 33. Rc5 Qe7 34. Rbxc6 Rxc6 35. Rxc6 Rd1 0-1

[Event "SVK-chT2D 1617"]
[Site "Slovakia"]
[Date "2016.12.03"]
[Round "5.5"]
[White "Verba, Vladimir"]
[Black "Lapka, Peter"]
[Result "1/2-1/2"]
[WhiteElo "1780"]
[BlackElo "1965"]
[PlyCount "106"]
[EventDate "2016.10.08"]
[EventType "team-tourn"]
[EventRounds "11"]
[EventCountry "SVK"]
[SourceTitle "EXT 2018"]
[Source "ChessBase"]
[SourceDate "2017.10.13"]
[SourceVersion "1"]
[SourceVersionDate "2017.10.13"]
[SourceQuality "1"]
[WhiteTeam "Kosice 1 CC"]
[BlackTeam "Kosice Dynamo"]
[WhiteTeamCountry "SVK"]
[BlackTeamCountry "SVK"]

1. Nf3 d5 2. g3 Nf6 3. Bg2 e6 4. 0-0 Be7 5. d3 0-0 6. Nbd2 c5 7. Re1 Nc6 8. e4 Qc7 9. Nf1 dxe4 10. dxe4 b6 11. c3 Bb7 12. Qc2 Rad8 13. Bf4 Qc8 14. Rad1 Rxd1 15. Rxd1 Rd8 16. N3d2 Nh5 17. Be3 Ne5 18. h3 Qa8 19. g4 Nf6 20. Ng3 h6 21. f4 Ng6 22. Re1 Bd6 23. Ne2 e5 24. f5 Nf4 25. Bxf4 exf4 26. Nc1 Re8 27. Bf3 Bc7 28. Kf2 Nd7 29. Nd3 a5 30. b3 Bc6 31. Qd1 a4 32. b4 c4 33. Nxc4 Bxe4 34. Nxf4 Nf6 35. Nd5 Bxd5 36. Rxe8+ Qxe8 37. Bxd5 b5 38. Ne3 Qe5 39. Qd3 Qh2+ 40. Ng2 Qe5 41. Bc6 Kf8 42. a3 Bb6+ 43. Kf1 Bc7 44. Qxb5 Qxc3 45. Qc5+ Qxc5 46. bxc5 Be5 47. Ne1 Bb2 48. Nc2 Ke7 49. Bxa4 h5 50. g5 Ne4 51. c6 Kd6 52. Nb4 Nc3 53. Bb3 Bxa3 1/2-1/2

[Event "SVK-chT2D 1516"]
[Site "Slovakia"]
[Date "2016.03.13"]
[Round "11.5"]
[White "Kaleta, Marian"]
[Black "Lapka, Peter"]
[Result "1/2-1/2"]
[WhiteElo "1494"]
[BlackElo "1963"]
[PlyCount "120"]
[EventDate "2015.10.17"]
[EventType "team-tourn"]
[EventRounds "11"]
[EventCountry "SVK"]
[SourceTitle "EXT 2017"]
[Source "ChessBase"]
[SourceDate "2016.10.25"]
[SourceVersion "1"]
[SourceVersionDate "2016.10.25"]
[SourceQuality "1"]
[WhiteTeam "Stara Lubovna SO II"]
[BlackTeam "Kosice Dynamo"]
[WhiteTeamCountry "SVK"]
[BlackTeamCountry "SVK"]

1. Nf3 Nf6 2. d4 d6 3. c4 Nbd7 4. Nc3 e5 5. Bg5 Be7 6. e4 0-0 7. Bxf6 Bxf6 8. d5 a5 9. Na4 Nc5 10. Nxc5 dxc5 11. Be2 g6 12. 0-0 Bg7 13. Rb1 f5 14. Bd3 f4 15. Be2 Kh8 16. Re1 Re8 17. h4 Bh6 18. g3 Qd7 19. Bf1 Qg4 20. Nh2 Qxd1 21. Rbxd1 fxg3 22. fxg3 Ra6 23. Rd3 Rf6 24. Re2 Ref8 25. g4 Bxg4 26. Nxg4 Rxf1+ 27. Kg2 Bg7 28. Nf2 Ra1 29. b3 Rd8 30. Rf3 Kg8 31. Nd3 b6 32. h5 Rf8 33. hxg6 hxg6 34. Rg3 Rff1 35. Kh3 Rh1+ 36. Kg4 Raf1 37. Nf2 Rh2 38. Kf3 Kf7 39. Rg2 Rh3+ 40. Kg4 Rh5 41. Nh3 Bf6 42. Kg3 Kg7 43. Kh2 Rf3 44. Rg3 Rxg3 45. Kxg3 Rh4 46. Nf2 Rf4 47. Ng4 Rf1 48. Kg2 Rf4 49. Kg3 Kg8 50. Nh6+ Kf8 51. Ng4 Bg7 52. Rf2 Rf7 53. Rxf7+ Kxf7 54. Nf2 Bh6 55. Kg4 Be3 56. Nd3 Kf6 57. Ne1 Bc1 58. Nc2 Ke7 59. Ne1 Kd6 60. Nf3 Bh6 1/2-1/2

[Event "SVK-chT2D 1516"]
[Site "Slovakia"]
[Date "2015.10.17"]
[Round "1.4"]
[White "Lapka, Peter"]
[Black "Kravec, Patrik"]
[Result "1-0"]
[WhiteElo "1963"]
[BlackElo "2034"]
[PlyCount "95"]
[EventDate "2015.10.17"]
[EventType "team-tourn"]
[EventRounds "11"]
[EventCountry "SVK"]
[SourceTitle "CBM 169 Extra"]
[Source "ChessBase"]
[SourceDate "2015.12.18"]
[SourceVersion "1"]
[SourceVersionDate "2015.12.18"]
[SourceQuality "1"]
[WhiteTeam "Kosice Dynamo"]
[BlackTeam "Sabinov II"]
[WhiteTeamCountry "SVK"]
[BlackTeamCountry "SVK"]

1. e4 c5 2. Nf3 Nc6 3. d4 cxd4 4. Nxd4 g6 5. Be3 Bg7 6. c3 Nf6 7. Nd2 0-0 8. Nxc6 bxc6 9. Bd3 d6 10. f3 a5 11. 0-0 Qc7 12. Qc2 Bd7 13. Rab1 a4 14. b3 c5 15. Rfc1 Rfb8 16. b4 a3 17. Bc4 Ba4 18. Bb3 Be8 19. bxc5 dxc5 20. Nc4 Nd7 21. Qf2 Rc8 22. Rc2 Nf6 23. Bc1 Bb5 24. Be3 Nd7 25. f4 Nf6 26. e5 Ng4 27. Qf3 Nxe3 28. Qxe3 Rcb8 29. Qe4 Bc6 30. Qe3 Bd5 31. Qe2 Ra4 32. Rd1 Bxc4 33. Bxc4 Ra7 34. Bb5 Qa5 35. c4 Qb4 36. Qd2 f6 37. Qd5+ Kf8 38. Rcd2 Rc7 39. Qe6 Rcc8 40. Rd7 Re8 41. R7d3 Rxb5 42. cxb5 Qxb5 43. Rxa3 Qe2 44. Rad3 Qe4 45. Rd8 c4 46. Rxe8+ Kxe8 47. Qg8+ Bf8 48. e6 1-0

[Event "Kosice Kotan Memorial 2nd"]
[Site "Kosice"]
[Date "2010.06.26"]
[Round "1"]
[White "Lapka, Peter"]
[Black "Klemanic, Emil"]
[Result "0-1"]
[WhiteElo "1824"]
[BlackElo "2249"]
[PlyCount "108"]
[EventDate "2010.06.26"]
[EventType "swiss"]
[EventRounds "9"]
[EventCountry "SVK"]
[SourceTitle "CBM 137 Extra"]
[Source "ChessBase"]
[SourceDate "2010.09.01"]
[SourceVersion "1"]
[SourceVersionDate "2010.09.01"]
[SourceQuality "1"]

1. Nf3 Nf6 2. g3 g6 3. Bg2 Bg7 4. d3 d5 5. c4 dxc4 6. Qa4+ c6 7. Qxc4 0-0 8. Nc3 Nbd7 9. 0-0 Nb6 10. Qh4 Qd7 11. Bh6 Qg4 12. Qxg4 Bxg4 13. Bxg7 Kxg7 14. Ne5 Be6 15. Ne4 Nxe4 16. Bxe4 f6 17. Nf3 f5 18. Ng5 Bg8 19. Bg2 e5 20. Rfc1 Kf6 21. Nf3 Rfd8 22. Rd1 Rd6 23. d4 e4 24. Ne5 Rad8 25. e3 c5 26. f4 cxd4 27. exd4 Rxd4 28. Rxd4 Rxd4 29. Rc1 Nc4 30. Nxc4 Bxc4 31. b3 Ba6 32. Rc2 Ke6 33. Kf2 h5 34. Ke1 Rd6 35. Rc5 Rd5 36. Rc7 Rd3 37. Bf1 Rd7 38. Bc4+ Bxc4 39. Rxc4 Kd5 40. Ke2 b5 41. Rc8 Rd6 42. Ke3 Rc6 43. Rd8+ Kc5 44. a3 a6 45. Rd7 b4 46. a4 Kb6 47. Kd4 Re6 48. Ke3 Rf6 49. Kd4 Re6 50. Ke3 Rc6 51. Kd4 a5 52. Rd8 Rc3 53. Rd6+ Kc7 54. Rd5 Rd3+ 0-1